[Event "Icelandic Team Championship 2021"]
[Site "Reykjavik"]
[Date "2021.10.02"]
[Round "4.7"]
[White "Thorsteinsson, Arnar"]
[Black "Halldorsson, Jon Arni"]
[Result "1-0"]
[WhiteElo "2192"]
[BlackElo "2103"]

1. e4 {[%clk 01:30:37]} {[%emt 00:00:22]} e6 {[%clk 01:30:50]} {[%emt
00:00:12]} 2. d4 {[%clk 01:30:09]} {[%emt 00:00:57]} d5 {[%clk 01:31:12]}
{[%emt 00:00:07]} 3. e5 {[%clk 01:30:35]} {[%emt 00:00:05]} b6 {[%clk
01:30:24]} {[%emt 00:01:18]} 4. Nf3 {[%clk 01:30:20]} {[%emt 00:00:44]} Ba6
{[%clk 01:30:22]} {[%emt 00:00:33]} 5. Bxa6 {[%clk 01:24:33]} {[%emt 00:06:18]}
Nxa6 {[%clk 01:30:43]} {[%emt 00:00:07]} 6. Qe2 {[%clk 01:24:50]} {[%emt
00:00:13]} Nb8 {[%emt 00:01:47]} 7. O-O {[%emt 00:00:09]} Ne7 {[%clk 01:28:54]}
{[%emt 00:01:22]} 8. c4 {[%clk 01:24:22]} {[%emt 00:01:00]} Nbc6 {[%clk
01:24:13]} {[%emt 00:05:11]} 9. Nc3 {[%clk 01:24:14]} {[%emt 00:00:38]} Qd7
{[%clk 01:23:21]} {[%emt 00:01:23]} 10. Be3 {[%clk 01:21:03]} {[%emt 00:03:39]}
Na5 {[%clk 01:14:29]} {[%emt 00:09:22]} 11. b3 {[%clk 01:17:36]} {[%emt
00:03:57]} Nf5 {[%clk 01:11:11]} {[%emt 00:03:48]} 12. Rac1 {[%clk 01:11:44]}
{[%emt 00:06:22]} Nxe3 {[%clk 01:02:08]} {[%emt 00:09:34]} 13. fxe3 {[%clk
01:11:43]} {[%emt 00:00:30]} Be7 {[%clk 01:00:35]} {[%emt 00:02:03]} 14. cxd5
{[%clk 01:10:13]} {[%emt 00:01:59]} exd5 {[%clk 01:00:57]} {[%emt 00:00:09]} 15.
e4 {[%clk 01:09:48]} {[%emt 00:00:55]} dxe4 {[%clk 00:58:48]} {[%emt 00:02:39]}
16. Qxe4 {[%clk 01:07:23]} {[%emt 00:02:56]} O-O {[%clk 00:58:19]} {[%emt
00:00:59]} 17. Nd5 {[%clk 01:05:49]} {[%emt 00:02:03]} c6 {[%clk 00:48:50]}
{[%emt 00:10:00]} 18. Ne3 {[%clk 01:05:02]} {[%emt 00:01:16]} Qe6 {[%clk
00:37:36]} {[%emt 00:11:44]} 19. Rc2 {[%clk 01:02:34]} {[%emt 00:02:59]} f6
{[%clk 00:35:21]} {[%emt 00:02:45]} 20. Nf5 {[%clk 00:56:45]} {[%emt 00:06:19]}
fxe5 {[%clk 00:33:42]} {[%emt 00:02:09]} 21. Nxe5 {[%clk 00:56:54]} {[%emt
00:00:21]} Bf6 {[%clk 00:33:22]} {[%emt 00:00:49]} 22. b4 {[%clk 00:50:18]}
{[%emt 00:07:06]} Bxe5 {[%clk 00:13:46]} {[%emt 00:20:07]} 23. dxe5 {[%clk
00:47:44]} {[%emt 00:03:03]} Nb7 {[%clk 00:13:16]} {[%emt 00:01:00]} 24. Rxc6
{[%clk 00:46:21]} {[%emt 00:01:53]} Qd7 {[%clk 00:12:30]} {[%emt 00:01:16]} 25.
e6 {[%clk 00:42:50]} {[%emt 00:04:01]} 1-0

[Event "Icelandic Team Championship 2021"]
[Site "Reykjavik"]
[Date "2021.10.02"]
[Round "4.8"]
[White "Thorsteinsson, Erlingur"]
[Black "Karlsson, Mikael Johann"]
[Result "1-0"]
[WhiteElo "2051"]
[BlackElo "2067"]

1. e3 {[%clk 01:30:36]} {[%emt 00:00:24]} b6 {[%clk 01:29:41]} {[%emt
00:01:26]} 2. b3 {[%clk 01:23:03]} {[%emt 00:07:56]} Nf6 {[%clk 01:29:34]}
{[%emt 00:00:38]} 3. Bb2 {[%clk 01:23:28]} {[%emt 00:00:04]} e6 {[%clk
01:29:58]} {[%emt 00:00:06]} 4. Nf3 {[%clk 01:23:51]} {[%emt 00:00:07]} c5
{[%clk 01:29:46]} {[%emt 00:00:42]} 5. d4 {[%clk 01:24:09]} {[%emt 00:00:12]}
Bb7 {[%clk 01:27:55]} {[%emt 00:02:21]} 6. Nbd2 {[%clk 01:20:48]} {[%emt
00:03:51]} Be7 {[%clk 01:24:31]} {[%emt 00:03:54]} 7. Bd3 {[%clk 01:21:00]}
{[%emt 00:00:18]} cxd4 {[%clk 01:24:53]} {[%emt 00:00:08]} 8. exd4 {[%clk
01:21:24]} {[%emt 00:00:05]} Nc6 {[%clk 01:25:01]} {[%emt 00:00:23]} 9. a3
{[%clk 01:21:41]} {[%emt 00:00:13]} Nd5 {[%clk 01:23:40]} {[%emt 00:01:52]} 10.
Nc4 {[%clk 01:19:37]} {[%emt 00:02:34]} Nf4 {[%clk 01:17:07]} {[%emt 00:07:02]}
11. Bf1 {[%clk 01:16:50]} {[%emt 00:03:17]} O-O {[%clk 01:16:46]} {[%emt
00:00:51]} 12. Qd2 {[%clk 01:17:00]} {[%emt 00:00:19]} Qc7 {[%clk 01:16:26]}
{[%emt 00:00:51]} 13. O-O-O {[%clk 01:10:20]} {[%emt 00:07:10]} d5 {[%clk
01:10:42]} {[%emt 00:06:14]} 14. Nce5 {[%clk 01:08:46]} {[%emt 00:02:04]} Nxe5
{[%clk 01:11:07]} {[%emt 00:00:05]} 15. dxe5 {[%clk 01:09:01]} {[%emt
00:00:14]} Rfc8 {[%clk 01:10:30]} {[%emt 00:01:07]} 16. Kb1 {[%clk 01:09:18]}
{[%emt 00:00:13]} Ng6 {[%clk 01:10:30]} {[%emt 00:00:30]} 17. h4 {[%clk
01:09:29]} {[%emt 00:00:20]} d4 {[%clk 01:06:42]} {[%emt 00:04:18]} 18. Nxd4
{[%clk 00:58:14]} {[%emt 00:11:44]} Nxe5 {[%clk 01:02:52]} {[%emt 00:04:21]} 19.
f4 {[%clk 00:54:44]} {[%emt 00:03:59]} Ng4 {[%clk 01:01:53]} {[%emt 00:01:29]}
20. Bd3 {[%clk 00:53:34]} {[%emt 00:01:40]} Rd8 {[%clk 01:00:44]} {[%emt
00:01:39]} 21. Qe2 {[%clk 00:45:18]} {[%emt 00:08:46]} h5 {[%clk 01:00:37]}
{[%emt 00:00:38]} 22. Nxe6 {[%clk 00:38:44]} {[%emt 00:07:04]} fxe6 {[%clk
01:01:03]} {[%emt 00:00:05]} 23. Qxe6+ {[%clk 00:39:11]} {[%emt 00:00:02]} Kf8
{[%clk 01:01:22]} {[%emt 00:00:11]} 24. Bc4 {[%clk 00:39:15]} {[%emt 00:00:26]}
Nh6 {[%clk 01:01:35]} {[%emt 00:00:17]} 25. Qg6 {[%clk 00:38:41]} {[%emt
00:01:03]} Bf6 {[%clk 00:50:30]} {[%emt 00:11:35]} 26. Bxf6 {[%clk 00:39:07]}
{[%emt 00:00:04]} gxf6 {[%clk 00:50:56]} {[%emt 00:00:04]} 27. Qxh6+ {[%clk
00:38:49]} {[%emt 00:00:48]} Qg7 {[%clk 00:51:22]} {[%emt 00:00:05]} 28. Qxh5
{[%clk 00:38:26]} {[%emt 00:00:53]} Be4 {[%clk 00:50:18]} {[%emt 00:01:35]} 29.
f5 {[%clk 00:36:42]} {[%emt 00:02:14]} Re8 {[%clk 00:45:15]} {[%emt 00:05:34]}
30. Rhe1 {[%clk 00:34:51]} {[%emt 00:02:21]} Re5 {[%clk 00:45:09]} {[%emt
00:00:36]} 31. Be6 {[%clk 00:34:05]} {[%emt 00:01:16]} Re8 {[%clk 00:45:03]}
{[%emt 00:00:36]} 32. Rxe4 {[%clk 00:33:44]} {[%emt 00:00:51]} Rxe4 {[%clk
00:43:38]} {[%emt 00:01:56]} 33. Rd7 {[%clk 00:33:58]} {[%emt 00:00:13]} 1-0

[Event "Icelandic Team Championship 2021"]
[Site "Reykjavik"]
[Date "2021.10.02"]
[Round "4.9"]
[White "Kjartansson, Gudmundur"]
[Black "Stefansson, Vignir Vatnar"]
[Result "1/2-1/2"]
[WhiteElo "2447"]
[BlackElo "2383"]

1. d4 {[%clk 01:30:47]} {[%emt 00:00:13]} Nf6 {[%clk 01:30:53]} {[%emt
00:00:07]} 2. Nf3 {[%clk 01:31:09]} {[%emt 00:00:08]} e6 {[%clk 01:31:17]}
{[%emt 00:00:05]} 3. g3 {[%emt 00:00:11]} d5 {[%clk 01:30:44]} {[%emt
00:01:03]} 4. Bg2 {[%clk 01:31:52]} {[%emt 00:00:05]} Be7 {[%clk 01:31:12]}
{[%emt 00:00:02]} 5. O-O {[%clk 01:31:44]} {[%emt 00:00:37]} O-O {[%clk
01:31:39]} {[%emt 00:00:03]} 6. c4 {[%clk 01:32:09]} {[%emt 00:00:07]} dxc4
{[%clk 01:32:07]} {[%emt 00:00:01]} 7. Qc2 {[%clk 01:32:31]} {[%emt 00:00:08]}
a6 {[%emt 00:01:01]} 8. Qxc4 {[%emt 00:00:12]} b5 {[%emt 00:00:05]} 9. Qc2
{[%clk 01:32:16]} {[%emt 00:00:01]} Bb7 {[%emt 00:02:17]} 10. Bg5 {[%clk
01:29:55]} {[%emt 00:00:35]} Nbd7 {[%emt 00:03:36]} 11. Bxf6 {[%clk 01:26:42]}
{[%emt 00:00:11]} Nxf6 {[%clk 01:34:14]} {[%emt 00:00:11]} 12. Nbd2 {[%emt
00:00:21]} Rc8 {[%emt 00:01:46]} 13. Nb3 {[%emt 00:02:29]} Be4 {[%clk
01:31:12]} {[%emt 00:01:16]} 14. Qc3 {[%emt 00:18:45]} Nd5 {[%clk 01:14:04]}
{[%emt 00:04:16]} 15. Qd2 {[%clk 01:20:14]} {[%emt 00:01:13]} c5 {[%clk
01:10:20]} {[%emt 00:04:16]} 16. dxc5 {[%clk 01:20:26]} {[%emt 00:00:18]} Bxc5
{[%clk 01:10:17]} {[%emt 00:00:33]} 17. Nxc5 {[%clk 01:20:23]} {[%emt
00:00:33]} Rxc5 {[%clk 01:10:38]} {[%emt 00:00:09]} 18. Rac1 {[%clk 01:19:56]}
{[%emt 00:00:56]} Rxc1 {[%clk 01:08:46]} {[%emt 00:02:23]} 19. Rxc1 {[%clk
01:20:20]} {[%emt 00:00:05]} Qa8 {[%clk 01:08:34]} {[%emt 00:00:42]} 20. Qd4
{[%clk 01:13:46]} {[%emt 00:07:03]} Nf6 {[%clk 01:07:55]} {[%emt 00:01:09]} 21.
Rd1 {[%clk 01:10:12]} {[%emt 00:04:04]} Rc8 {[%clk 01:05:18]} {[%emt 00:03:07]}
22. Ne1 {[%clk 01:09:47]} {[%emt 00:00:55]} Bxg2 {[%clk 00:57:20]} {[%emt
00:08:28]} 23. Nxg2 {[%clk 01:10:11]} {[%emt 00:00:06]} h6 {[%clk 00:56:46]}
{[%emt 00:01:04]} 24. f3 {[%clk 01:09:29]} {[%emt 00:01:12]} Rc2 {[%clk
00:44:48]} {[%emt 00:12:28]} 25. Kf1 {[%clk 01:03:31]} {[%emt 00:06:27]} Qd5
{[%clk 00:44:06]} {[%emt 00:01:13]} 26. a4 {[%emt 00:34:35]} Rxb2 {[%emt
00:00:37]} 27. Ne3 {[%emt 00:06:38]} Qxd4 {[%clk 00:32:01]} {[%emt 00:00:06]}
28. Rxd4 {[%emt 00:02:06]} Rb3 {[%emt 00:01:44]} 29. Kf2 {[%emt 00:01:54]} Kf8
{[%clk 00:23:48]} {[%emt 00:05:21]} 30. Rd8+ {[%clk 00:33:26]} {[%emt
00:01:52]} Ke7 {[%clk 00:23:45]} {[%emt 00:00:34]} 31. Ra8 {[%clk 00:33:52]}
{[%emt 00:00:04]} bxa4 {[%clk 00:21:21]} {[%emt 00:02:55]} 32. Rxa6 {[%clk
00:34:13]} {[%emt 00:00:09]} Rb4 {[%clk 00:21:30]} {[%emt 00:00:21]} 33. Ra7+
{[%clk 00:32:35]} {[%emt 00:02:09]} Nd7 {[%clk 00:18:21]} {[%emt 00:03:38]} 34.
Nc2 {[%clk 00:31:17]} {[%emt 00:01:48]} Rb2 {[%clk 00:18:14]} {[%emt 00:00:37]}
35. Na3 {[%clk 00:31:01]} {[%emt 00:00:47]} Rb4 {[%clk 00:17:36]} {[%emt
00:01:08]} 36. Nc2 {[%clk 00:31:27]} {[%emt 00:00:04]} Rb2 {[%clk 00:16:32]}
{[%emt 00:01:34]} 37. Na3 {[%clk 00:31:53]} {[%emt 00:00:04]} 1/2-1/2

[Event "Icelandic Team Championship 2021"]
[Site "Reykjavik"]
[Date "2021.10.02"]
[Round "4.10"]
[White "Jensson, Einar Hjalti"]
[Black "Gretarsson, Helgi Ass"]
[Result "0-1"]
[WhiteElo "2316"]
[BlackElo "2447"]

1. e4 {[%clk 01:29:50]} {[%emt 00:01:09]} d6 {[%clk 01:30:43]} {[%emt
00:00:18]} 2. Nc3 {[%clk 01:30:04]} {[%emt 00:00:15]} Nf6 {[%clk 01:30:32]}
{[%emt 00:00:42]} 3. f4 {[%clk 01:30:01]} {[%emt 00:00:33]} c5 {[%clk
01:28:08]} {[%emt 00:02:53]} 4. Nf3 {[%clk 01:30:20]} {[%emt 00:00:13]} Nc6
{[%clk 01:25:37]} {[%emt 00:02:59]} 5. Bb5 {[%clk 01:29:51]} {[%emt 00:01:00]}
Bd7 {[%clk 01:23:23]} {[%emt 00:02:43]} 6. a4 {[%clk 01:21:22]} {[%emt
00:08:59]} a6 {[%clk 01:17:20]} {[%emt 00:06:32]} 7. Bc4 {[%clk 01:21:48]}
{[%emt 00:00:05]} e6 {[%clk 01:17:35]} {[%emt 00:00:14]} 8. O-O {[%clk
01:18:38]} {[%emt 00:03:41]} Qc7 {[%clk 01:12:46]} {[%emt 00:05:18]} 9. d3
{[%clk 01:16:04]} {[%emt 00:03:05]} Be7 {[%clk 01:10:05]} {[%emt 00:03:10]} 10.
Qe2 {[%clk 01:15:23]} {[%emt 00:01:11]} Nd4 {[%clk 01:04:42]} {[%emt 00:05:53]}
11. Qf2 {[%clk 01:13:31]} {[%emt 00:02:23]} O-O {[%clk 01:03:31]} {[%emt
00:01:41]} 12. Nxd4 {[%clk 01:08:45]} {[%emt 00:05:16]} cxd4 {[%clk 01:03:59]}
{[%emt 00:00:02]} 13. Ne2 {[%clk 01:09:00]} {[%emt 00:00:15]} Nxe4 {[%clk
01:02:18]} {[%emt 00:02:11]} 14. dxe4 {[%clk 01:08:42]} {[%emt 00:00:48]} Qxc4
{[%clk 01:02:41]} {[%emt 00:00:07]} 15. Nxd4 {[%clk 01:08:21]} {[%emt
00:00:51]} Bf6 {[%clk 00:49:13]} {[%emt 00:13:58]} 16. Rd1 {[%clk 01:05:06]}
{[%emt 00:03:46]} Rac8 {[%clk 00:46:02]} {[%emt 00:03:40]} 17. b3 {[%clk
01:04:06]} {[%emt 00:01:30]} Qc3 {[%clk 00:25:03]} {[%emt 00:21:28]} 18. Ra2
{[%clk 00:53:36]} {[%emt 00:11:01]} e5 {[%emt 00:16:55]} 19. Bb2 {[%clk
00:42:39]} {[%emt 00:02:37]} Qc7 {[%clk 00:12:18]} {[%emt 00:05:39]} 20. Nf3
{[%clk 00:40:11]} {[%emt 00:02:57]} Bc6 {[%clk 00:10:19]} {[%emt 00:02:29]} 21.
Qe2 {[%clk 00:38:17]} {[%emt 00:02:25]} Rfe8 {[%clk 00:09:02]} {[%emt
00:01:47]} 22. fxe5 {[%clk 00:32:27]} {[%emt 00:06:19]} dxe5 {[%clk 00:08:58]}
{[%emt 00:00:35]} 23. Kh1 {[%clk 00:31:45]} {[%emt 00:01:13]} Re6 {[%clk
00:08:37]} {[%emt 00:00:50]} 24. Raa1 {[%clk 00:30:23]} {[%emt 00:01:52]} Be7
{[%clk 00:08:13]} {[%emt 00:00:54]} 25. Ba3 {[%clk 00:29:07]} {[%emt 00:01:46]}
Bxa3 {[%clk 00:07:35]} {[%emt 00:01:09]} 26. Rxa3 {[%clk 00:29:35]} {[%emt
00:00:01]} Rd6 {[%clk 00:07:36]} {[%emt 00:00:29]} 27. Raa1 {[%clk 00:29:23]}
{[%emt 00:00:42]} Rcd8 {[%clk 00:07:57]} {[%emt 00:00:09]} 28. h3 {[%clk
00:28:01]} {[%emt 00:01:52]} Rxd1+ {[%clk 00:07:36]} {[%emt 00:00:52]} 29. Rxd1
{[%clk 00:28:24]} {[%emt 00:00:08]} Rxd1+ {[%clk 00:08:00]} {[%emt 00:00:06]}
30. Qxd1 {[%clk 00:28:49]} {[%emt 00:00:04]} Bxe4 {[%clk 00:08:28]} {[%emt
00:00:02]} 31. Nxe5 {[%clk 00:28:33]} {[%emt 00:00:46]} Bxc2 {[%clk 00:08:33]}
{[%emt 00:00:24]} 32. Qd5 {[%clk 00:26:05]} {[%emt 00:02:58]} Bf5 {[%clk
00:08:30]} {[%emt 00:00:33]} 33. Qd4 {[%clk 00:24:29]} {[%emt 00:02:06]} Be6
{[%clk 00:06:29]} {[%emt 00:02:31]} 34. b4 {[%clk 00:24:50]} {[%emt 00:00:09]}
f6 {[%clk 00:05:17]} {[%emt 00:01:42]} 35. Nd3 {[%clk 00:24:59]} {[%emt
00:00:21]} b6 {[%clk 00:03:21]} {[%emt 00:02:26]} 36. Nf4 {[%clk 00:24:26]}
{[%emt 00:01:04]} Bf7 {[%clk 00:03:20]} {[%emt 00:00:31]} 37. Qd2 {[%clk
00:24:11]} {[%emt 00:00:46]} g5 {[%clk 00:03:17]} {[%emt 00:00:33]} 38. Ne2
{[%clk 00:23:41]} {[%emt 00:01:00]} Kg7 {[%clk 00:02:28]} {[%emt 00:01:19]} 39.
a5 {[%clk 00:23:49]} {[%emt 00:00:22]} bxa5 {[%clk 00:01:46]} {[%emt 00:01:12]}
40. bxa5 {[%clk 00:24:18]} {[%emt 00:00:01]} Qe5 {[%clk 00:02:06]} {[%emt
00:00:10]} 41. Nd4 {[%clk 00:22:54]} {[%emt 00:01:55]} Bd5 {[%clk 00:02:09]}
{[%emt 00:00:26]} 42. Nc2 {[%clk 00:22:35]} {[%emt 00:00:50]} Be4 {[%clk
00:01:10]} {[%emt 00:01:29]} 43. Ne3 {[%clk 00:22:27]} {[%emt 00:00:39]} Kg6
{[%clk 00:00:46]} {[%emt 00:00:53]} 44. Qd8 {[%clk 00:19:56]} {[%emt 00:03:00]}
Qe6 {[%clk 00:00:59]} {[%emt 00:00:17]} 45. Kg1 {[%clk 00:19:34]} {[%emt
00:00:53]} h5 {[%clk 00:00:57]} {[%emt 00:00:32]} 46. Qd4 {[%clk 00:17:28]}
{[%emt 00:02:35]} h4 {[%clk 00:01:10]} {[%emt 00:00:17]} 47. Ng4 {[%clk
00:12:43]} {[%emt 00:05:15]} Bb7 {[%clk 00:01:03]} {[%emt 00:00:36]} 48. Ne3
{[%clk 00:12:58]} {[%emt 00:00:15]} f5 {[%clk 00:00:44]} {[%emt 00:00:49]} 49.
Kf1 {[%clk 00:13:16]} {[%emt 00:00:12]} Bc6 {[%clk 00:00:34]} {[%emt 00:00:40]}
50. Qd2 {[%clk 00:12:48]} {[%emt 00:00:58]} Qe5 {[%clk 00:00:48]} {[%emt
00:00:15]} 51. Kg1 {[%clk 00:12:40]} {[%emt 00:00:38]} Qa1+ {[%clk 00:01:03]}
{[%emt 00:00:15]} 52. Kh2 {[%clk 00:12:56]} {[%emt 00:00:15]} Qe5+ {[%clk
00:01:30]} {[%emt 00:00:03]} 53. Kg1 {[%clk 00:13:25]} {[%emt 00:00:01]} Qc5
{[%clk 00:01:09]} {[%emt 00:00:50]} 54. Kh1 {[%clk 00:13:38]} {[%emt 00:00:18]}
Be4 {[%clk 00:00:46]} {[%emt 00:00:53]} 55. Kh2 {[%clk 00:13:17]} {[%emt
00:00:51]} Qc7+ {[%clk 00:00:36]} {[%emt 00:00:40]} 56. Kg1 {[%clk 00:13:35]}
{[%emt 00:00:12]} Qf4 {[%clk 00:00:47]} {[%emt 00:00:18]} 57. Qd4 {[%clk
00:13:08]} {[%emt 00:00:58]} Qc7 {[%clk 00:00:49]} {[%emt 00:00:27]} 58. Qd2
{[%clk 00:11:06]} {[%emt 00:02:33]} Qc5 {[%clk 00:00:47]} {[%emt 00:00:32]} 59.
Kh1 {[%clk 00:11:23]} {[%emt 00:00:14]} Bc6 {[%clk 00:00:50]} {[%emt 00:00:27]}
60. Kh2 {[%clk 00:11:27]} {[%emt 00:00:27]} Qe5+ {[%clk 00:00:42]} {[%emt
00:00:37]} 61. Kg1 {[%clk 00:11:47]} {[%emt 00:00:10]} Kf7 {[%clk 00:00:59]}
{[%emt 00:00:12]} 62. Qa2+ {[%clk 00:10:17]} {[%emt 00:02:00]} Qe6 {[%clk
00:01:10]} {[%emt 00:00:19]} 63. Qd2 {[%clk 00:10:46]} {[%emt 00:00:02]} Qe4
{[%clk 00:00:49]} {[%emt 00:00:51]} 64. Qa2+ {[%clk 00:10:51]} {[%emt
00:00:26]} Ke7 {[%clk 00:00:52]} {[%emt 00:00:24]} 65. Qd2 {[%clk 00:11:18]}
{[%emt 00:00:05]} f4 {[%clk 00:00:33]} {[%emt 00:00:49]} 66. Ng4 {[%clk
00:11:02]} {[%emt 00:00:46]} Bd7 {[%clk 00:00:33]} {[%emt 00:00:30]} 67. Nf2
{[%clk 00:11:04]} {[%emt 00:00:28]} Qe5 {[%clk 00:00:32]} {[%emt 00:00:31]} 68.
Qb4+ {[%clk 00:10:33]} {[%emt 00:01:01]} Kf7 {[%clk 00:00:32]} {[%emt
00:00:30]} 69. Ne4 {[%clk 00:11:02]} {[%emt 00:00:01]} Bc6 {[%clk 00:00:36]}
{[%emt 00:00:26]} 70. Nf2 {[%clk 00:10:21]} {[%emt 00:02:19]} Qd5 {[%clk
00:00:57]} {[%emt 00:00:08]} 0-1

[Event "Icelandic Team Championship 2021"]
[Site "Reykjavik"]
[Date "2021.10.02"]
[Round "4.11"]
[White "Sulypa, Oleksandr"]
[Black "Einarsson, Halldor Gretar"]
[Result "1/2-1/2"]
[WhiteElo "2455"]
[BlackElo "2227"]

1. d4 {[%emt 00:00:18]} e6 {[%emt 00:00:20]} 2. c4 {[%emt 00:00:21]} f5 {[%emt
00:00:48]} 3. g3 {[%emt 00:00:40]} Nf6 {[%emt 00:00:35]} 4. Bg2 {[%emt
00:00:11]} d5 {[%emt 00:02:56]} 5. Qc2 {[%emt 00:02:21]} Bd6 {[%emt 00:02:30]}
6. Nh3 {[%clk 01:25:58]} {[%emt 00:00:06]} Nc6 {[%clk 01:25:45]} {[%emt
00:04:24]} 7. cxd5 {[%clk 01:08:16]} {[%emt 00:18:13]} exd5 {[%clk 01:19:28]}
{[%emt 00:06:47]} 8. Be3 {[%clk 01:08:33]} {[%emt 00:00:12]} O-O {[%clk
01:14:43]} {[%emt 00:05:15]} 9. O-O {[%clk 01:08:32]} {[%emt 00:00:31]} Ne7
{[%clk 01:13:26]} {[%emt 00:01:48]} 10. Bf4 {[%clk 01:08:27]} {[%emt 00:00:35]}
Ng6 {[%clk 01:09:53]} {[%emt 00:04:02]} 11. Bxd6 {[%clk 01:08:25]} {[%emt
00:00:32]} Qxd6 {[%clk 01:10:11]} {[%emt 00:00:12]} 12. e3 {[%clk 01:07:53]}
{[%emt 00:01:01]} c6 {[%clk 01:07:22]} {[%emt 00:03:20]} 13. Nd2 {[%clk
00:58:01]} {[%emt 00:10:23]} h6 {[%clk 00:55:43]} {[%emt 00:12:08]} 14. Nb3
{[%clk 00:51:34]} {[%emt 00:06:57]} Ng4 {[%clk 00:53:45]} {[%emt 00:02:28]} 15.
Rfe1 {[%clk 00:49:08]} {[%emt 00:02:56]} Ne7 {[%clk 00:42:17]} {[%emt
00:11:57]} 16. Qc5 {[%clk 00:45:24]} {[%emt 00:04:14]} Qc7 {[%clk 00:40:29]}
{[%emt 00:02:18]} 17. Nf4 {[%clk 00:44:18]} {[%emt 00:01:36]} Nf6 {[%clk
00:40:33]} {[%emt 00:00:26]} 18. Rac1 {[%clk 00:44:16]} {[%emt 00:00:32]} Rf7
{[%clk 00:40:01]} {[%emt 00:01:01]} 19. Nd3 {[%clk 00:41:47]} {[%emt 00:03:00]}
Ne4 {[%clk 00:37:36]} {[%emt 00:02:54]} 20. Qc2 {[%clk 00:36:16]} {[%emt
00:06:02]} g5 {[%clk 00:37:10]} {[%emt 00:00:55]} 21. Ne5 {[%clk 00:33:53]}
{[%emt 00:02:53]} Rg7 {[%clk 00:37:34]} {[%emt 00:00:06]} 22. f3 {[%emt
00:02:54]} Nd6 {[%emt 00:00:40]} 23. Nc5 {[%emt 00:08:28]} Nf7 {[%clk
00:23:44]} {[%emt 00:04:35]} 24. Nxf7 {[%clk 00:23:40]} {[%emt 00:09:56]} Rxf7
{[%clk 00:23:47]} {[%emt 00:00:26]} 25. e4 {[%clk 00:22:50]} {[%emt 00:01:21]}
fxe4 {[%clk 00:14:28]} {[%emt 00:09:49]} 26. fxe4 {[%clk 00:23:14]} {[%emt
00:00:06]} dxe4 {[%clk 00:14:43]} {[%emt 00:00:14]} 27. Bxe4 {[%clk 00:18:54]}
{[%emt 00:04:50]} Qd6 {[%clk 00:14:58]} {[%emt 00:00:16]} 28. Kg2 {[%clk
00:15:23]} {[%emt 00:04:01]} b6 {[%clk 00:13:53]} {[%emt 00:01:34]} 29. Nd3
{[%clk 00:14:05]} {[%emt 00:01:48]} Be6 {[%clk 00:09:44]} {[%emt 00:04:38]} 30.
Ne5 {[%clk 00:13:55]} {[%emt 00:00:40]} Rf6 {[%clk 00:08:46]} {[%emt 00:01:28]}
31. Nxc6 {[%clk 00:12:15]} {[%emt 00:02:11]} Nxc6 {[%clk 00:07:53]} {[%emt
00:01:23]} 32. Qxc6 {[%clk 00:09:59]} {[%emt 00:02:45]} Rd8 {[%clk 00:08:14]}
{[%emt 00:00:08]} 33. Qxd6 {[%clk 00:04:05]} {[%emt 00:06:25]} Rxd6 {[%clk
00:08:37]} {[%emt 00:00:08]} 34. d5 {[%clk 00:03:47]} {[%emt 00:00:48]} 1/2-1/2

[Event "Icelandic Team Championship 2021"]
[Site "Reykjavik"]
[Date "2021.10.02"]
[Round "4.13"]
[White "Omarsson, Dadi"]
[Black "Hreinsson, Hlidar"]
[Result "1/2-1/2"]
[WhiteElo "2223"]
[BlackElo "2189"]

1. e4 {[%emt 00:01:28]} c5 {[%emt 00:00:09]} 2. Nf3 {[%clk 01:31:18]} {[%emt
00:00:02]} Nc6 {[%emt 00:00:06]} 3. d4 {[%clk 01:31:42]} {[%emt 00:00:03]} cxd4
{[%emt 00:00:07]} 4. Nxd4 {[%clk 01:32:08]} e5 {[%emt 00:00:07]} 5. Nb5 {[%clk
01:32:32]} {[%emt 00:00:04]} a6 {[%clk 01:31:18]} {[%emt 00:00:05]} 6. Nd6+
{[%clk 01:32:58]} {[%emt 00:00:04]} Bxd6 {[%emt 00:00:06]} 7. Qxd6 {[%emt
00:00:13]} Qf6 {[%emt 00:00:04]} 8. Qxf6 {[%emt 00:00:07]} Nxf6 {[%emt
00:00:07]} 9. Nc3 {[%emt 00:00:30]} d5 {[%clk 01:31:52]} {[%emt 00:00:36]} 10.
exd5 {[%clk 01:34:34]} {[%emt 00:00:06]} Nb4 {[%emt 00:00:10]} 11. Bd3 {[%emt
00:01:34]} Nfxd5 {[%emt 00:04:39]} 12. Nxd5 {[%clk 01:29:56]} {[%emt 00:00:53]}
Nxd5 {[%clk 01:31:37]} {[%emt 00:00:08]} 13. Bd2 {[%emt 00:16:49]} O-O {[%emt
00:08:45]} 14. O-O {[%clk 01:17:44]} {[%emt 00:04:17]} Bd7 {[%clk 01:11:20]}
{[%emt 00:04:37]} 15. Rad1 {[%clk 01:10:59]} {[%emt 00:07:15]} 1/2-1/2